Odstraňování vlhkosti Sanace vlhkého zdiva, 2., upravené vydání

Saved in:
Bibliographic Details
Main Author Solař, Jaroslav
Format Electronic eBook
LanguageCzech
Published Grada 2026
Edition1. elektronické vydání
Subjects
Online AccessDostupné v BOOKPORT po přihlášení pomocí eduID
ISBN978-80-271-8351-7
978-80-271-5912-3
Physical Description1 online zdroj (112 stran)

Cover

LEADER 00000nam a2200000 i 4500
001 bkp15016
003 CZ-prgp
005 20260407112622.0
006 m o d
007 cr cn
008 260407s2026 xr o 000 0 cze
020 |a 978-80-271-8351-7  |c 212 Kč  |q (online ; pdf) 
020 |a 978-80-271-5912-3  |c 253 Kč  |q (print) 
040 |a Grada  |b cze  |e rda 
100 1 |a Solař, Jaroslav 
245 1 0 |a Odstraňování vlhkosti  |b Sanace vlhkého zdiva, 2., upravené vydání  |c Jaroslav Solař 
250 |a 1. elektronické vydání 
264 1 |b Grada  |c 2026 
300 |a 1 online zdroj (112 stran) 
336 |a text  |b txt  |2 rdacontent 
337 |a počítač  |b c  |2 rdamedia 
338 |a online zdroj  |b cr  |2 rdacarrier 
520 3 |a Máte vlhký sklep nebo dokonce mokré zdi v bytě nebo domě? Nevíte, jak je možné se vlhkosti zbavit? Pak vám pomůže tato praktická příručka. Dozvíte se v ní, jak se dá vlhkost změřit, jaké mohou být její příčiny i jakou metodu zvolit k jejímu odstranění. 
650 0 4 |a Hobby 
650 0 4 |a Stavebnictví 
856 4 0 |u https://www.bookport.cz/AccountSaml/SignIn/?idp=https://shibboleth.utb.cz/idp/shibboleth&returnUrl=/kniha/odstranovani-vlhkosti-15929/  |y Dostupné v BOOKPORT po přihlášení pomocí eduID